| 000 | 00580nam a22001817a 4500 | ||
|---|---|---|---|
| 999 |
_c188881 _d188881 |
||
| 005 | 20220607110726.0 | ||
| 010 | _aENG-133049 | ||
| 020 |
_a978-88-572-2687-3 _c6725.00 |
||
| 035 | _aEN-116581 | ||
| 037 | _bDBAD/PUB | ||
| 082 | _a724.6 | ||
| 245 |
_aChristopher Benninger: _bArchitecture for Modern India/ _cedited by Rosa Maria Falvo |
||
| 260 |
_aItaly _bSkira Editore S.P.A. _c2018 |
||
| 270 |
_a, Palazzo Casati Stampa, Via Torino 61,20123 Milano _bItaly |
||
| 300 |
_axv,383p. _c29cm(hbk) |
||
| 700 | _a Rosa Maria Falvo | ||
| 942 |
_2ddc _cEN _mCHR _h724.6 |
||